000 00420nam a22001577a 4500
005 20260205092617.0
008 260204b |||||||| |||| 00| 0 eng d
020 _a987-0-099-52849-4
050 _aPQ2469 .V47 2011
100 _aVERNE, JULES
245 _aJOURNEY TO THE CENTRE OF THE EARTH
260 _aLONDON,
_bVINTAGE BOOKS,
_c2011,
300 _a183 P, ILL
650 _aJUVENILE LITERATURE
942 _2lcc
_cBK
999 _c216538
_d216538